00570nam a2200181 a 45000010010000000030011000100080041000210350026000620820017000881000025001052450046001302600051001766500024002279420012002519520090002639980020003539990015003730000-8647ELIB.Books110520 1934  a(ELIB.Books)0000-8793 a822.33 bSha aShakespeare, William aThe Works of William Shakespeare Volume V bLondon: William Clowes and Sons Limited c1934 aWilliam Shakespeare 2ddccBK 00102ddc4070aKBTSbKBTSd2011-05-20l0p8942r2022-01-22 00:00:00w2022-01-22yBK cbate2011-05-20 c8647d8647